History of the waterways of the Atlantic Coast of the United States /

Bibliographic Details
Main Author: Parkman, Aubrey, 1918-
Corporate Author: National Waterways Study (U.S.)
Format: Government Document Book
Language:English
Published: [Fort Belvoir, Va.] : National Waterways Study, U.S. Army Engineer Water Resources Support Center, Institute for Water Resources ; 1983.
Series:Navigation history NWS ; 83-10.
Subjects:

MARC

Tag First Indicator Second Indicator Subfields
LEADER 00000cam a2200000 a 4500
001 in00000843321
005 20151019052717.0
008 830511s1983 vaub b f00010 eng d
010 |a gp 84002878  
020 |c $6.00 
035 |a (OCoLC)09511269 
035 |9 ADZ9911AM 
040 |a AED  |c AED  |d GPO  |d MvI-ran  |d MvI-ran  |d UtOrBLW 
043 |a n-us---  |a 1------ 
074 |a 337 
086 0 |a D 103.2:W 31/13 
090 |a TC145  |b .I5 NH NWS-83-10 
100 1 |a Parkman, Aubrey,  |d 1918- 
245 1 0 |a History of the waterways of the Atlantic Coast of the United States /  |c Aubrey Parkman. 
264 1 |a [Fort Belvoir, Va.] :  |b National Waterways Study, U.S. Army Engineer Water Resources Support Center, Institute for Water Resources ;  |c 1983. 
264 2 |a [Washington, D.C.] :  |b [Supt, of the Docs., U.S. G.P.O., distributor], 
300 |a 142 pages :  |b maps ;  |c 28 cm. 
336 |a text  |b txt  |2 rdacontent 
337 |a unmediated  |b n  |2 rdamedia 
338 |a volume  |b nc  |2 rdacarrier 
490 1 |a Navigation history NWS ;  |v 83-10 
500 |a "January 1983." 
504 |a Bibliography: pages 133-142. 
650 0 |a Waterways  |z Atlantic Coast (U.S.) 
651 0 |a Atlantic Coast (U.S.)  |x Navigation  |x History. 
710 2 |a National Waterways Study (U.S.) 
830 0 |a Navigation history NWS ;  |v 83-10. 
999 |a MARS 
999 f f |s c760b7b8-710f-3030-b418-e6daf93877d5  |i 8a60cf84-96f9-3a46-9ac3-ccbeaed2ae6a  |t 0 
952 f f |p normal  |a Texas A&M University  |b Galveston Campus  |c Jack K. Williams Library  |d Galveston Stacks  |t 0  |e TC145 .I5 NH NWS-83-10  |h Library of Congress classification  |i unmediated -- volume  |m 33620000433645 
952 f f |p normal  |a Texas A&M University  |b College Station  |c Sterling C. Evans Library  |d Evans: US Documents (Annex 5th floor)  |t 0  |e D 103.2:W 31/13  |h Superintendent of Documents classification  |i unmediated -- volume  |m A14814874769 
998 f f |a D 103.2:W 31/13  |t 0  |l Evans: US Documents (Annex 5th floor) 
998 f f |a TC145 .I5 NH NWS-83-10  |t 0  |l Galveston Stacks